Les oiseaux les plus imposants du monde - Statistiques

Statistiques générales
  • Ce quiz a été pris 260 fois
  • Le résultat moyen est 9 sur 15
Statistiques - réponses
Par images Réponse % Correct
Autruche d'Afrique
100%
Manchot empereur
91%
Pélican blanc
87%
Flamant rose
78%
Albatros hurleur
74%
Vautour moine
71%
Casoar à casque
64%
Condor des Andes
56%
Pygargue à tête blanche
55%
Marabout d'Afrique
51%
Grue cendrée
49%
Gypaète barbu
44%
Harpie féroce
40%
Cygne tuberculé
34%
Cygne chanteur
20%
Aucun quiz correspondant
Distribution des résultats
% des personnes avec chaque résultat
Percentile par nombre de réponses
Votre historique - résultats
Vous n’avez pas pris ce quiz